Surveying / (Record no. 15347)

000 -LEADER
fixed length control field 00451nam a2200181 a 4500
020 ## - INTERNATIONAL STANDARD BOOK NUMBER
ISBN 0582302498
040 ## - CATALOGING SOURCE
Transcribing agency DLC
082 00 - DEWEY DECIMAL CLASSIFICATION NUMBER
Classification number 526 ADD 1998 A063 Co.
100 1# - MAIN ENTRY--AUTHOR NAME
Personal name Bannister, A.
245 10 - TITLE STATEMENT
Title Surveying /
250 ## - EDITION STATEMENT
Edition statement 7th ed.
260 ## - PUBLICATION, DISTRIBUTION, ETC. (IMPRINT)
Place of publication Harlow, Essex, England :
Name of publisher Addison Wesley Longman Ltd.,
Year of publication c1998.
300 ## - PHYSICAL DESCRIPTION
Number of Pages x, 502 p. :
Other physical details ill. ;
Dimensions 24 cm.
650 #0 - SUBJECT ADDED ENTRY--TOPICAL TERM
Topical Term Surveying.
700 1# - ADDED ENTRY--PERSONAL NAME
Personal name Raymond, Stanley.
700 1# - ADDED ENTRY--PERSONAL NAME
Personal name Baker, R.
942 ## - ADDED ENTRY ELEMENTS (KOHA)
Koha item type សៀវភៅភាសាអង់គ្លេស
952 ## - LOCATION AND ITEM INFORMATION (KOHA)
Withdrawn status [LOCAL, KOHA] 0
Holdings
Permanent Location Date acquired Koha item type Lost status Shelving location Barcode Current Location Full call number
Library Block A2017-11-20សៀវភៅភាសាអង់គ្លេស A063A07645Library Block A526 ADD 1998 A063 Co.
មជ្ឈមណ្ឌលឯការនៃសាកលវិទ្យាល័យភូមិន្ទកសិកម្មចំការដូង

Powered by Koha